000 00689nam a2200289Ia 4500
005 20260324124145.0
008 008 260324s9999 xx 000 0 eng d
020 _a9780429251283
037 _aEBOOK
040 _aCRL
040 _beng
040 _cCRL
041 _2eng
041 _aeng
084 _qCRL
100 _aMichael Kraft; Edward Marks
_91173066
245 0 _aU.S. Government Counterterrorism
245 2 _bA Guide to Who Does What
260 _bTaylor and Francis
260 _c2011
365 _a
365 _b350
856 _uhttp://www.taylorfrancis.com/books/9780429251283
942 _cEBOOK
999 _c1767217
_d1767217